Les paquebots transatlantiques au cinéma - Statistiques

Statistiques générales
  • Ce quiz a été pris 11 fois
  • Le résultat moyen est 3 sur 16
Statistiques - réponses
Questions Réponses % Correct
Réalisateur du film Titanic en 1997. James Cameron
73%
Film de Jean Girault sorti en 1965 dans lequel la brigade de Saint Tropez monte à bord du France pour se rentre à un congrès outre-Atlantique. Le Gendarme à New York
73%
Film de Gérard Oury sorti en 1969 qui montre une réplique de la Statue de la Liberté embarquée sur le France. Le Cerveau
55%
Film d'Elia Kazan, également sorti en 1954. Le seul film de l'histoire du cinéma où l'on peut apercevoir l'Andrea Doria, lorsque Terry Malloy (Marlon Brando) l'observe descendant le fleuve Hudson. Sur les quais
36%
Film de Jean Girault sorti en 1967 dans lequel Ferdy Mayne est aperçu sur les quais du port du Havre, son personnage ayant débarqué du France. Les Grandes vacances
27%
Film d'Alfred Hitchcock sorti en 1942, dans lequel le Maître du suspense a inséré des images d'actualité du chavirage du Normandie pour faire croire à un sabotage allemand, ce qui n'a jamais été démontré. Cinquième colonne
18%
Film d'Henri Verneuil sorti en 1969 au cours duquel le France est aperçu depuis le ciel dans le port de New York durant une scène de détournement d'avion. Le Clan des Siciliens
18%
Film de Niels Arden Oplev sorti en 2013 dans lequel un personnage est retenu prisonnier sur un navire abandonné qui se trouve être le SS United States, amarré à Philadelphie même si la scène est censée se dérouler à New York. Dead Man Down / Mort et enterré
9%
Film d'Alfred Hitchcock sorti en 1954, dans lequel le Queen Mary est filmé à son arrivée dans son port d'attache de Southampton. Le Crime était presque parfait
9%
Film de Sidney Lumet sorti en 1972 dans lequel le France apparaît au cours du générique de fin. Serpico
9%
Film de Federico Fellini sorti en 1973 dans lequel tous les habitants d'un village montent dans des barques pour approcher et admirer le paquebot italien Rex, ce symbole du luxe qui sera à jamais hors de leur portée. Amarcord
0%
Film de Jerry Jameson sorti en 1980, qui fut un échec commercial retentissant. Il raconte l'histoire improbable d'un renflouement du Titanic dont l'épave n'avait pas encore été découverte à la sortie du film. Jason Robards et Alec Guinness compte parmi les nombreuses vedettes du film. La Guerre des abîmes
0%
Film de Claude Heymann sorti en 1937 dans lequel Raimu tient trois rôles. Deux de ses personnages se retrouvent sur le Normandie. Le Jumeau de Brighton
0%
Film coréalisé par Sacha Guitry et Christian-Jaque, également sorti en 1937 dans lequel de nombreux personnages se retrouvent sur le Normandie en route vers New York, en particulier un personnage également incarné par Raimu. Les Perles de la couronne
0%
Film de Guy Hamilton sorti en 1974 dans lequel James Bond est invité à bord de l'épave du Queen Elizabeth devenu le siège du MI-6 local. L'Homme au pistolet d'or
0%
Film de Claude Heymann et Georges Lacombe sorti en 1940 dans lequel différentes intrigues se nouent au cours d'une traversée à bord du Normandie. Michel Simon y tient le rôle principal. Paris-New York
0%
Aucun quiz correspondant
Distribution des résultats
% des personnes avec chaque résultat
Percentile par nombre de réponses
Votre historique - résultats
Vous n’avez pas pris ce quiz